| 000 | 00465nam a22001577a 4500 | ||
|---|---|---|---|
| 008 | 230531b |||||||| |||| 00| 0 eng d | ||
| 040 |
_aNational Science Library _cNational Science Library |
||
| 080 |
_aR 615.1(058.7)(540) _bK4 |
||
| 245 |
_aIndian pharmaceutical guide 1964 _b |
||
| 260 |
_aNew Delhi: _bPamposh Publications, _c1963 |
||
| 300 | _a1300p. | ||
| 650 | _aBiology | ||
| 653 | _aAntibiotic | ||
| 700 | _aBazaz, Mohan C (Ed.) | ||
| 942 |
_2udc _cREF |
||
| 999 |
_c37534 _d37534 |
||